Un sistema numérico de base real para los números complejos /
Guardado en:
| Autor Principal: | |
|---|---|
| Otros Autores: | |
| Formato: | Libro |
| Idioma: | Spanish English |
| Publicado: |
Bahía Blanca :
INMABB-CONICET, Universidad Nacional del Sur,
2000.
|
| Series: | Notas de álgebra y análisis (Instituto de Matemática, Universidad Nacional del Sur) ;
18 |
| Acceso en línea: | Texto escaneado (PDF) |
| Etiquetas: |
Agregar Etiqueta
Sin Etiquetas, Sea el primero en etiquetar este registro!
|
| LEADER | 01320nam a22002295a 4500 | ||
|---|---|---|---|
| 001 | MAT.inmabb003177 | ||
| 008 | 051031s2000####ag#a#####b####000#0#spa#d | ||
| 005 | 20151030114213.0 | ||
| 245 | 1 | 3 | |a Un sistema numérico de base real para los números complejos / |c Agnes Benedek, Rafael Panzone. |
| 260 | |a Bahía Blanca : |b INMABB-CONICET, Universidad Nacional del Sur, |c 2000. | ||
| 300 | |a 38 h. : |b il. ; |c 27 cm. | ||
| 490 | 0 | |a Notas de álgebra y análisis ; |v 18 | |
| 500 | |a Contiene dos trabajos de ambos autores (The boundary of the Eisenstein set is a $( log 3/ log 2)$-set and a Hölder continuous curve -- Numbers with three representations in the number system $(-2,{0,1,...})$), y un apéndice por la primera autora (Sobre la representación posicional de números), texto de la conferencia pronunciada durante la XLIX Reunión Anual de la Unión Matemática Argentina, 1999. | ||
| 504 | |a Incluye referencias bibliográficas. | ||
| 510 | 4 | |a MR, |c 2001h:11102 | |
| 100 | 1 | |a Benedek, Agnes Ilona. | |
| 700 | 1 | |a Panzone, Rafael. | |
| 830 | 0 | |a Notas de álgebra y análisis (Instituto de Matemática, Universidad Nacional del Sur) ; |v 18 | |
| 084 | |a 11K55 (28A78 28A80) |2 MR | ||
| 041 | 1 | |a spa |a eng | |
| 856 | 4 | 1 | |u http://inmabb-conicet.gob.ar/publicaciones/naa/naa-18.pdf |y Texto escaneado (PDF) |
| 859 | |k H |p B-899 |b BIB. MATEMATICA | ||
